Central Europe - Map Quiz - Statistics

General Stats
  • This quiz has been taken 1,418 times
    1,401 since last reset
  • The average score is 6 of 7
Answers on the Map
Answers color-coded by a green-red scale on the quiz's map according to % correct below.
 
Answer Stats
Answer % Correct
Germany
91%
Austria
90%
Poland
88%
Czech Republic
87%
Hungary
81%
Slovakia
80%
Slovenia
80%
No matching quizzes found
Score Distribution
Percent of People with Each Score
Percentile by Number Answered
Your Score History
You have not taken this quiz since the last reset